| Tag |
First Indicator |
Second Indicator |
Subfields |
| LEADER |
00000cam a22000001 4500 |
| 001 |
in00000142002 |
| 005 |
20151002071737.0 |
| 008 |
731212s1966 enka b 00000 eng |
| 010 |
|
|
|a 66023846
|
| 035 |
|
|
|a (OCoLC)00914191
|
| 035 |
|
|
|9 AAQ1908AM
|
| 040 |
|
|
|a DLC
|c DLC
|d TXA
|d UtOrBLW
|
| 049 |
|
|
|a TXAM
|c 1 [425688]
|c 2 [464894]
|
| 050 |
0 |
0 |
|a TA455.P5
|b E9 1966
|
| 082 |
0 |
|
|a 620.192
|
| 100 |
1 |
|
|a Evans, Verney.
|
| 245 |
1 |
0 |
|a Plastics as corrosion-resistant materials.
|
| 250 |
|
|
|a [1st ed.].
|
| 264 |
|
1 |
|a Oxford :
|b Pergamon Press,
|c [1966]
|
| 300 |
|
|
|a xii, 223 pages :
|b illustrations ;
|c 20 cm.
|
| 336 |
|
|
|a text
|b txt
|2 rdacontent
|
| 337 |
|
|
|a unmediated
|b n
|2 rdamedia
|
| 338 |
|
|
|a volume
|b nc
|2 rdacarrier
|
| 490 |
0 |
|
|a The Commonwealth and international library of science, technology, engineering, and liberal studies. Plastics division
|
| 504 |
|
|
|a Bibliography: pages 215-217.
|
| 650 |
|
0 |
|a Plastics.
|
| 650 |
|
0 |
|a Corrosion resistant materials.
|
| 999 |
|
|
|a MARS
|
| 999 |
f |
f |
|s 58c69632-f2d9-3d03-a89c-3286fc08e232
|i dc68c1b9-de3a-364f-913a-908139aa3de7
|t 0
|
| 952 |
f |
f |
|p ric
|a Texas A&M University
|b Rellis Campus
|c Joint Library Facility
|d Remote Storage
|t 0
|e TA455.P5 E9 1966
|h Library of Congress classification
|i unmediated -- volume
|m A14805321296
|
| 998 |
f |
f |
|a TA455.P5 E9 1966
|t 0
|l Remote Storage
|